000 00453nam a2200145Ia 4500
008 230917s9999||||xx |||||||||||||| ||und||
040 _e172147
_aMAIN
041 _aEnglish
082 _a891.437731 BK469R
100 _aभटनागर,कणाद
245 0 _aराम मिलाई जोङी
260 _aदिल्ली
_bश्री हिन्दी साहित्य संसार
_c1979
300 _a84 p.
942 _cHN
999 _c212747
_d212747